Statistics for Identify The Common Cryptid

Click here to take the quiz!

General Stats

  • This quiz has been taken 201 times
  • The average score is 9 of 15

Answer Stats

HintAnswer% Correct
This infamous hairy being goes by many names: Sasquatch, Yeti, Yowie and more.Bigfoot
98%
When the moon is full, it is said some turn into these hairy creatures.Werewolf
97%
This South American creature is said to suck the blood of other animals.Chupacabra
90%
In Ireland, the wail of this spirit is said to foretell death.Banshee
85%
This winged creature is said to live in the Pine Barrens in New Jersey.Jersey Devil
85%
A giant winged being from West Virginia which some believe is a harbinger of doom.Mothman
82%
Pukwudgies, tricky beings around the Cape Cod area are said to be short or tall?Short
44%
Canada's "Nessie" said to live in Lake Okanagan in the province of British Columbia.Ogopogo
41%
The Mokele-Mbembe is said to live in the Congo River and resemble this kind of extinct being.Dinosaur
40%
An elusive animal, often seen in England, referred to by such names as Barghest, Black Shuck, Dip, Gwyllgi and Gytrash.Black Dog
39%
A shape-shifting water-horse from Scotland.Kelpie
37%
A "devilish" being which has been reported sighted in Dover, Massachusetts.Dover Demon
34%
The Beast of Exmoor, which has been sighted in England, is described as being this kind of mammal.Cat
31%
Similar to the creatures in the film "Tremors," the Mongolian Death _____ is said to live in the Gobi Desert.Death
29%
This "monster" has been described as a "spade-headed extraterrestrial" by residents of Braxton County, West Virginia.Flatwoods Monster
28%

Score Distribution

Percentile by Number Answered

Percent of People with Each Score

Your Score History

You have not taken this quiz